000 00632nam a2200229Ia 4500
003 OSt
005 20220918173959.0
006 a|||||r|||| 00| 0
007 ta
008 220917b |||||||| |||| 00| 0 eng d
024 _a9,614
037 _cTextual
040 _aARTS
_cARTS
_beng
041 _2eng
_aeng
082 _aM, J2
245 0 _aHow to do it in pictures
_b a visual course of instruction papered for amateurs by craftsmen
260 _aLondan
_bOdhams Press Limited USA
_c1952
300 _a320p
_ccm.
650 _aUSEFUL ARTS
_948682
942 _hM, J2
_cTEXL
_2CC
999 _c151252
_d151252